| 000 | 00000nas##2200000za#4500 |
| 001 | 9.507273 |
| 003 | CaOODSP |
| 005 | 20200325093709 |
| 007 | cr ||||||||||| |
| 008 | 150406c1957||||xxc|| p o||||f| |0eng|d |
| 040 | |aCaOODSP|beng |
| 043 | |an-cn--- |
| 086 | 1 |aIN3-16/12E-PDF |
| 110 | 1 |aCanada. |bOffice of the Superintendent of Financial Institutions Canada. |bOffice of the Chief Actuary. |
| 245 | 10|aReport on actuarial examination of the Superannuation Account in the Consolidated Revenue Fund ... |h[electronic resource] |
| 260 | |aOttawa - Ontario : |bOffice of the Superintendent of Financial Institutions. |
| 310 | |aTriennial |
| 362 | 1 |a1947-1983 |
| 500 | |aFrequency varies. |
| 690 | 07|aPensions|2gcpds |
| 690 | 07|aPublic service|2gcpds |
| 775 | 08|tRapport sur l'examen actuariel de la situation au 31 décembre ... du Compte de pension de retraite au Fonds du revenu consolidé |w(CaOODSP)9.503662 |
| 785 | 00|tPension plan for the Public Service of Canada, actuarial report (including cost certificate) |w(CaOODSP)9.507272 |